000 00938nam a2200229 a 4500
001 12749423
008 150331s2002 ||||||||||||||||| || u
010 _a2002069160
020 _a0821351648
050 _aIBRD(06)CS/2002/7
110 _aWorld Bank
245 1 0 _aEducation and training in Madagascar : toward a policy agenda for economic growth and poverty reduction
_cthe World Bank.
260 _aWashington, D.C.
_bWorld Bank
_c2002
300 _axxv, 180 p. : ill.
490 _aWorld Bank Country Study
500 _aIncludes bibliographical references.
650 _aEDUCATION AND STATE--MADAGASCAR
650 _aECONOMIC DEVELOPMENT--EFFECT OF EDUCATION ON--MADAGASCAR
650 _aEDUCATIONAL PLANNING--MADAGASCAR
650 _aEDUCATION--ECONOMIC ASPECTS--MADAGASCAR
995 _FCBU-MAIN LIBRARY (Kitwe)
_M1
_UAVAILABLE
_WMar 31, 2015
_ZInternational Publications
999 _c41124
_d41124